[Event "50th Biel Festival 2017"]
[Site "Biel"]
[Date "2017.07.25"]
[Round "2"]
[White "Hou, Yifan"]
[Black "Studer, Noel"]
[Result "1/2-1/2"]
[WhiteElo "2666"]
[BlackElo "2493"]
[Annotator "TA"]
[PlyCount "114"]
[EventDate "2017.??.??"]
[EventType "tourn"]
[EventCountry "SUI"]
[SourceTitle "playchess.com"]
[Source "ChessBase"]
[SourceQuality "1"]

{[%evp 15,114,29,27,16,31,11,19,20,33,3,17,0,81,7,35,0,0,0,0,0,16,6,21,0,23,25,15,25,54,52,48,50,47,20,47,13,12,10,10,0,8,-4,9,20,12,12,15,0,0,0,79,79,64,61,102,121,110,118,75,-54,-48,-67,-85,-244,-247,-231,-174,-208,-219,-195,-196,-243,-231,-225,-231,-279,-165,-168,-110,-160,-118,-159,-151,-78,-78,-177,-197,-197,-34,-35,-39,-51,-55,-73,-55,-64,-27,-34,-23,-23,-23]} 1. e4 e6 2. d4 d5 3. Nc3 Nf6 4. Bg5 dxe4 5. Nxe4 Nbd7 6. Nf3 h6 7. Nxf6+ Nxf6 8. Bh4 c5 9. c3 {C10: French with 3 Nc3: Unusual Black 3rd moves and 3...dxe4} (9. Bd3 cxd4 10. Nxd4 Bc5 11. c3 Bd7 12. O-O Bxd4 13. cxd4 Bc6 14. Be2 Rc8 15. Rc1 O-O 16. Bf3 Bxf3 17. Qxf3 {0-1 (101) Tari,A (2596)-Meier,G (2630) chess.com INT 2017}) 9... Bd7 10. Bd3 $146 ({Predecessor:} 10. Ne5 Qc7 11. Qf3 Ba4 12. Be2 Be7 13. O-O O-O 14. Bg3 Bd6 15. b3 Be8 16. Rac1 Rc8 17. Qe3 Nd5 18. Qd2 Qe7 19. c4 Nb4 {½-½ (19) Oskulski,J (2491)-Werner,G (2377) ICCF email 2009}) 10... cxd4 11. Nxd4 {The position is equal.} Bd6 12. Qe2 {Threatening Nf5.} Qa5 13. Nf5 (13. a4 $5) 13... Bf8 (13... Be5 $1 $11) 14. Ne3 ({White should try} 14. O-O $16) 14... Bc6 15. Nc4 Qh5 16. Qxh5 Nxh5 17. f3 g5 18. Bf2 Nf4 19. Bf1 g4 20. Ne5 gxf3 21. gxf3 Bd6 22. Nxc6 bxc6 23. O-O-O Nd5 24. Kc2 Bf4 25. Re1 (25. Ba6 $5 {[%cal Ra6b7]}) 25... a5 26. a3 Rg8 27. c4 {And now Re4 would win.} Ne7 28. Bb6 Nf5 29. Re4 $36 {[%mdl 2048] White is more active.} e5 30. Bh3 Nd6 31. Rxf4 exf4 32. Kc3 Rg5 (32... Rg6 $11 {keeps the balance.}) 33. Re1+ $1 $16 {[%mdl 1024] White has strong compensation.} Kf8 34. Bd7 $1 c5 35. h4 Rh5 36. Bc7 Nf5 {White should prevent ...Ra7.} 37. Bxf4 ({White must play} 37. Re5 $16 Ng3 38. Bd6+ Kg7 39. Rxh5 (39. Rxc5 Ne2+ 40. Kd3 Rxc5 $11) 39... Nxh5 40. Bxc5) 37... Rd8 $15 38. Ba4 Rxh4 39. Be5 $2 (39. Bc7 $17 Rc8 40. Bb6) 39... Rh3 $19 40. Bc6 Nd4 41. Bxd4 cxd4+ {[%mdl 4096] Endgame KRR-KRB} ({Weaker is} 41... Rxd4 42. Re5 $15) 42. Kd3 Rh2 $1 43. Rb1 h5 44. Bd5 a4 45. b3 h4 (45... Rh4 $142 {aiming for ...Re8.} 46. Bc6 axb3 47. Rxb3 Rh1) 46. bxa4 h3 (46... Ke7 $1 $19 47. Kxd4 h3) 47. Kxd4 Rg2 48. Rh1 h2 49. a5 {[#]} Rd6 $1 {[%cal Rd6a6] ...Ra6 is the strong threat.} 50. f4 {[#]} (50. Kc5 $17 {was the only chance.} Rh6 51. f4) 50... Ra2 $1 51. Kc5 Rg6 $2 (51... Rh6 $19 52. Kb4 Ke7) 52. Bc6 $15 Rxa3 53. Rxh2 Rxa5+ 54. Bb5 Ra1 55. Rf2 Rgg1 56. Kb6 Raf1 57. Rxf1 Rxf1 {Precision: White = 44%, Black = 49%.} 1/2-1/2

[Event "50th Biel Festival 2017"]
[Site "Biel"]
[Date "2017.07.26"]
[Round "3"]
[White "Leko, Peter"]
[Black "Hou, Yifan"]
[Result "1/2-1/2"]
[WhiteElo "2678"]
[BlackElo "2666"]
[Annotator "TA"]
[PlyCount "60"]
[EventDate "2017.??.??"]
[EventType "tourn"]
[EventCountry "SUI"]
[SourceTitle "playchess.com"]
[Source "ChessBase"]
[SourceQuality "1"]

{[%evp 19,60,27,30,23,16,20,23,13,20,15,31,1,6,-4,0,-14,-16,-19,-21,-20,-6,-16,-18,-19,-18,-24,0,-14,-10,-15,0,-22,0,-17,-9,-27,-2,-12,0,-31,0,-20,0]} 1. e4 e5 2. Nf3 Nf6 3. Nxe5 d6 4. Nf3 Nxe4 5. Nc3 Nxc3 6. dxc3 Be7 7. Be3 Nc6 8. Qd2 Be6 9. O-O-O {C42: Petroff Defence: 3 Nxe5 and unusual White 3rd moves} Qd7 10. h4 (10. Kb1 a6 11. h4 h6 12. Be2 O-O-O 13. Nd4 Nxd4 14. Bxd4 Rhg8 15. c4 Rde8 16. g3 Bd8 17. b3 Bf5 18. Rhe1 g5 {½-½ (18) Kryvoruchko,Y (2714)-Li,C (2722) Chartres 2017}) 10... h6 {LiveBook: 27 Games} (10... Bxa2 11. b3 $16) 11. c4 {White has an edge.} O-O $146 ({Predecessor:} 11... Bf6 12. Qd3 Ne5 13. Qb3 Nxf3 14. gxf3 Qc6 15. Rg1 a5 16. Bd4 O-O-O {½-½ (42) Lopez Martinez,J (2557)-Granero Roca,A (2393) La Roda 2009}) 12. Bd3 f5 13. Nd4 Ne5 14. b3 Bf6 15. Nxe6 Qxe6 16. Be2 Ng4 17. Bxg4 (17. Bf3 $5 {[%cal Rf3d5]} Nxe3 18. Qxe3 Qxe3+ 19. fxe3 $15) 17... fxg4 18. Qd5 Qxd5 19. Rxd5 Rae8 20. Kd2 b6 21. g3 Be5 22. Re1 a5 23. a4 Rf3 24. Re2 Kf7 (24... c6 $5 {[%cal Rc6d5]} 25. Rd3 c5 $11) 25. Rd3 Re6 26. c3 Bf6 27. Kc2 Re4 28. Kd2 Re6 29. Kc2 Re4 30. Kd2 Re6 {Precision: White = 52%, Black = 39%.} 1/2-1/2

[Event "50th Biel Festival 2017"]
[Site "Biel"]
[Date "2017.07.26"]
[Round "3"]
[White "Morozevich, Alexander"]
[Black "Harikrishna, P.."]
[Result "1/2-1/2"]
[WhiteElo "2675"]
[BlackElo "2737"]
[Annotator "TA"]
[PlyCount "81"]
[EventDate "2017.??.??"]
[EventType "tourn"]
[EventCountry "SUI"]
[SourceTitle "playchess.com"]
[Source "ChessBase"]
[SourceQuality "1"]

{[%evp 13,81,37,33,33,50,17,12,0,3,0,0,0,0,0,0,0,-6,-28,0,0,0,0,0,0,0,0,0,0,0,-9,0,-52,50,52,67,51,122,102,84,31,187,0,0,0,0,0,0,0,0,0,0,0,0,0,0,0,0,0,0,0,0,0,0,0,0,0,0,0,0,0]} 1. d4 Nf6 2. c4 e6 3. Nc3 Bb4 4. Qc2 d5 5. a3 Bxc3+ 6. Qxc3 Ne4 7. Qc2 c5 8. dxc5 {E37: Nimzo-Indian: Classical: 4...d5 5 a3 Bxc3+ 6 Qxc3 Ne4} Nc6 9. cxd5 (9. Nf3 Qa5+ 10. Bd2 Qxc5 11. e3 Nxd2 12. Nxd2 dxc4 13. Bxc4 O-O 14. b4 Qe7 15. Bd3 h6 16. Qc3 a6 17. O-O Bd7 {½-½ (26) Giri,A (2784)-Adams,M (2737) London 2015}) 9... exd5 10. e3 Qf6 11. f3 Qh4+ 12. g3 Nxg3 $1 13. Qf2 Nf5 {Black wants to play ...Qe7.} 14. Qxh4 Nxh4 15. b4 a5 {[#]} 16. b5 $146 Ne5 17. Kf2 O-O 18. Bb2 f6 19. Rd1 Be6 20. Ne2 Nexf3 21. Nf4 $132 {[%mdl 2048] White is not keeping still} Bf7 22. Nxd5 ({White should play} 22. Ng2 $11) 22... Rfd8 (22... Ng5 $1 $15 23. c6 bxc6 24. Ne7+ Kh8 25. Nxc6 Rfe8) 23. e4 $14 Ng5 24. Bd3 f5 (24... Rab8 $14) 25. Nb6 fxe4 26. Be2 Rf8 $2 {[#]} (26... Rxd1 $1 $14 27. Rxd1 Rf8) 27. Nxa8 $2 (27. Kg3 $1 $18 {[%cal Rg3h4]} Nf5+ 28. Kg4) 27... Bc4+ $1 $11 {The position is equal.} 28. Ke3 Ng2+ 29. Kd2 e3+ 30. Kc1 $1 Bxe2 31. Rd7 $1 {[%csl LRb7,LRg7]} Ne6 $1 32. Nc7 Bxb5 $1 33. Nxb5 e2 {[#] And now ...Rf1+ would win.} 34. Kd2 Rf1 35. Kxe2 Rxh1 36. Rxb7 {Hoping for c6.} Ngf4+ 37. Kf3 {Black must now prevent c6.} Rf1+ 38. Ke3 Re1+ 39. Kf3 Rf1+ 40. Ke3 Re1+ 41. Kf3 {Precision: White = 74%, Black = 55%.} 1/2-1/2

[Event "50th Biel Festival 2017"]
[Site "Biel"]
[Date "2017.07.26"]
[Round "3"]
[White "Vaganian, Rafael A"]
[Black "Ponomariov, Ruslan"]
[Result "1/2-1/2"]
[WhiteElo "2562"]
[BlackElo "2699"]
[Annotator "TA"]
[PlyCount "80"]
[EventDate "2017.??.??"]
[EventType "tourn"]
[EventCountry "SUI"]
[SourceTitle "playchess.com"]
[Source "ChessBase"]
[SourceQuality "1"]

{[%evp 19,80,41,27,-12,21,16,19,9,19,24,39,31,19,19,32,22,27,31,37,43,38,50,35,40,93,99,77,37,37,37,37,37,84,52,52,51,51,51,51,58,58,30,30,28,25,30,43,43,43,18,18,18,18,18,49,49,49,49,49,49,49,49,49]} 1. d4 Nf6 2. Nf3 g6 3. c4 Bg7 4. g3 d5 5. Bg2 dxc4 6. Na3 c3 7. bxc3 O-O 8. O-O c5 9. e3 Nc6 10. Qe2 Bf5 11. Rd1 {D77: Fianchetto Grünfeld: 6 0-0: Replies other than 6...c6} Qa5 12. Bb2 Rfd8 13. Nd2 {The position is equal.} cxd4 14. cxd4 Bg4 15. f3 $1 {[%cal Rf3g4]} Be6 16. Nb3 Bxb3 17. axb3 Qb4 18. Rd3 {[#]} e5 $146 ({Predecessor:} 18... Rac8) 19. dxe5 Rxd3 20. Qxd3 Rd8 21. Qb5 Qxb5 ({Better is} 21... Nd5 $14) 22. Nxb5 $16 Nd5 23. Nxa7 {Hoping for f4.} Nxe3 {[#] Strongly threatening ...Rd2.} 24. Nxc6 bxc6 25. Bc3 Bf8 26. Be1 Nc2 27. Rc1 Nxe1 28. Rxe1 $14 {[%mdl 4096] Endgame KRB-KRB} Bc5+ 29. Kh1 $1 Bb4 30. Rb1 g5 31. f4 gxf4 32. gxf4 Rd4 33. f5 Rf4 34. Bh3 Re4 35. e6 fxe6 36. fxe6 Re1+ 37. Rxe1 {White is slightly better.} Bxe1 38. Bg2 c5 $1 39. Bd5 {[#] White wants to mate with e7+.} Kf8 40. Kg2 Ke7 {Precision: White = 71%, Black = 61%.} 1/2-1/2

[Event "50th Biel Festival 2017"]
[Site "Biel"]
[Date "2017.07.26"]
[Round "3"]
[White "Georgiadis, Nico"]
[Black "Bacrot, Etienne"]
[Result "1/2-1/2"]
[WhiteElo "2496"]
[BlackElo "2715"]
[Annotator "TA"]
[PlyCount "73"]
[EventDate "2017.??.??"]
[EventType "tourn"]
[EventCountry "SUI"]
[SourceTitle "playchess.com"]
[Source "ChessBase"]
[SourceQuality "1"]

{[%evp 15,73,15,25,8,14,16,20,12,20,14,20,20,20,16,16,13,13,13,13,13,13,10,13,17,19,14,15,8,8,8,8,8,6,8,9,0,0,0,0,0,0,0,0,0,0,0,0,0,0,0,0,0,0,0,0,0,0,0,0,0]} 1. e4 e5 2. Nf3 Nc6 3. Bb5 Nf6 4. O-O Nxe4 5. Re1 Nd6 {[%cal Be4d6,Bd6e8,Be8c7][%mdl 32]} 6. Nxe5 Be7 7. Bf1 Nxe5 8. Rxe5 O-O 9. Nc3 {C67: Ruy Lopez: Berlin Defence: 4 0-0 Nxe4} (9. d4 Bf6 10. Re1 Nf5 11. d5 d6 12. Nd2 Re8 13. Ne4 Bd7 14. c3 h6 15. Bd3 Nh4 16. g3 Ng6 17. f4 c6 18. Be3 {½-½ (70) Anand,V (2786)-Kramnik,V (2808) Leuven 2017}) 9... Ne8 {The position is equal.} 10. Nd5 Bd6 11. Re1 c6 12. Ne3 Be7 ({Much weaker is} 12... Qh4 13. g3 $16) 13. c4 Nc7 14. d4 d5 15. cxd5 Bb4 16. Bd2 Bxd2 17. Qxd2 {next dxc6 is good for White.} Nxd5 18. Nxd5 Qxd5 19. Re5 Qd6 20. Bc4 Bd7 21. Rae1 b5 22. Bb3 a5 {[%cal Ba7a5,Ba5a4][%mdl 32]} 23. a3 {[#]} a4 $146 24. Ba2 Rae8 25. Rxe8 (25. Qe3 $5 {[%cal Re5e8]} g6 26. h3 $11) 25... Rxe8 26. Rxe8+ Bxe8 27. Qc3 Bd7 28. Qc5 Qxc5 29. dxc5 $11 {[%mdl 4096] Endgame KB-KB} Bf5 30. f4 Kf8 31. Kf2 Ke7 32. Ke3 Kf6 33. g3 Be6 34. Bb1 $1 Bf5 35. Ba2 Be6 36. Bb1 $1 Bf5 37. Ba2 {Precision: White = 87%, Black = 84%.} 1/2-1/2

[Event "50th Biel Festival 2017"]
[Site "Biel"]
[Date "2017.07.26"]
[Round "3"]
[White "Studer, Noel"]
[Black "Navara, David"]
[Result "1/2-1/2"]
[WhiteElo "2493"]
[BlackElo "2737"]
[Annotator "TA"]
[PlyCount "166"]
[EventDate "2017.??.??"]
[EventType "tourn"]
[EventCountry "SUI"]
[SourceTitle "playchess.com"]
[Source "ChessBase"]
[SourceQuality "1"]

{[%evp 22,166,20,0,0,0,0,0,0,0,0,0,0,-12,-10,-71,-76,-82,-87,-120,-127,-130,-98,-121,-13,-24,-31,-37,59,45,44,60,59,63,58,59,50,52,44,13,14,0,0,0,0,0,0,0,0,0,0,0,0,0,0,0,0,0,7,0,0,0,0,0,0,0,0,0,0,0,14,0,0,0,0,0,0,0,0,0,0,0,0,0,0,0,0,0,0,-47,-72,-61,-27,-27,-27,-27,0,0,0,-8,0,0,0,0,0,0,0,0,0,0,0,0,0,0,0,0,0,0,0,0,0,-27,-27,-27,0,0,0,0,0,0,0,0,0,0,0,-27,-27,-27,-27,-27,-27,-27,-27,-27,0,0,0]} 1. d4 Nf6 2. c4 e6 3. g3 c5 4. d5 exd5 5. cxd5 d6 6. Nc3 g6 7. Nf3 Bg7 8. Bg2 O-O 9. O-O Re8 10. Bf4 Bf5 {A62: Modern Benoni: Fianchetto Variation without early ...Nbd7} 11. Nh4 Bg4 (11... Bc8 12. Qd2 a6 13. a4 Qe7 14. h3 Nbd7 15. e4 Rb8 16. Nf3 b5 17. axb5 axb5 18. Rfe1 {½-½ (47) Inarkiev,E (2727)-Harikrishna,P (2750) Moscow 2017}) 12. h3 {LiveBook: 3 Games} Nh5 13. Bc1 $146 ({Find the theoretical novelty and annotate with similar games:} 13. hxg4 Nxf4 14. gxf4 Qxh4 15. e3 Nd7 16. Ne4 Nf6 17. Nxf6+ Qxf6 18. Rb1 {0-1 (57) Feller,S (2573)-Donchenko,A (2581) Germany 2017}) 13... Bd7 14. a4 Na6 15. Nf3 Qc8 16. Ng5 Nb4 17. g4 (17. Nge4 $5 {[%cal Re4d6]} Be5 18. g4 $11) 17... Nf6 18. Bf4 (18. Nge4 $11 Nxe4 19. Nxe4 Rxe4 20. Bxe4) 18... h6 $17 19. Nf3 {[#]} h5 $1 20. Bxd6 hxg4 21. hxg4 Bxg4 22. Qd2 {[#]} Qf5 (22... Bh3 $1 $17 23. Bg3 Nh5) 23. Bxc5 Nbxd5 24. Nxd5 Ne4 (24... Nxd5 $15 25. e4 Qh5 26. Qxd5 Bxf3 27. Qxh5 Bxh5) 25. Qd3 $1 $14 Nxc5 26. Qxf5 $1 Bxf5 27. Nc7 $1 {[%csl LRa8,LRe8]} Bxb2 28. Ra2 Bf6 29. Nxa8 Rxa8 30. Nd2 Rd8 31. Nc4 (31. Rc1 $5 {[%cal Rc1c5]} Be6 32. Rac2 $11) 31... b6 {[%cal Bb7b6,Bb6b5,Bb5b4,Bb4b3][%mdl 32]} 32. a5 b5 33. Ne3 b4 34. Nd5 b3 35. Nxf6+ Kg7 36. Rb2 Kxf6 37. Rc1 Bc2 $1 38. Rbxc2 bxc2 39. Rxc2 $11 {[%mdl 4096] Endgame KRB-KRN} Nb3 40. a6 {Black should prevent Rc7.} Rd1+ 41. Kh2 Rc1 42. Ra2 Nc5 43. Bd5 Rd1 44. Bc4 Ne4 45. Ra3 Kg5 46. Kg2 f5 47. Bd3 Nc5 48. Bb5 Rb1 49. Bc4 Rb4 (49... Rc1 $5 {[%cal Rc1c4]} 50. Bd5 Kf6 $11) 50. Rc3 Rb2 51. Ra3 (51. Bf7 $5 {[%cal Rc3c5]} Ne4 52. Rc6 Rxe2 53. Kf3 Rxf2+ 54. Ke3 $11) 51... Rc2 52. Bb5 Ne6 53. Ra4 Rd2 54. Rb4 Rd6 55. Bc4 {Threatening Rb7.} Rd4 {Strongly threatening ...Nf4+.} 56. e3 Re4 57. f3 $1 {[%cal Rf3e4]} Rxe3 58. Rb7 Nc5 59. Rxa7 {Rf7 is the strong threat.} Rc3 60. Be2 Ne6 61. Rd7 {And now a7 would win.} Nf4+ 62. Kf1 Nxe2 63. Kxe2 {KR-KR} Ra3 64. Rd6 f4 65. Kf2 Ra2+ 66. Kg1 Kh5 67. Rc6 g5 68. Rb6 Kh4 {Hoping for ...Kg3.} 69. Rg6 $1 Kg3 {[%cal Ra2a1]} 70. Rxg5+ Kxf3 71. Rb5 Ra1+ (71... Rxa6 $5 72. Rb3+ $8 Ke2 $11) 72. Kh2 Ke3 (72... Rxa6 $5 73. Rb3+ $8 Ke4 $11) 73. Rb3+ Kf2 74. Rb2+ Kf1 75. Rb3 Kf2 76. Rb2+ Kf3 77. Rb3+ Kg4 78. Kg2 Rxa6 79. Kf2 Ra2+ 80. Kf1 Rh2 81. Kg1 Re2 82. Kf1 Re3 83. Rxe3 fxe3 {Precision: White = 70%, Black = 68%.} 1/2-1/2

[Event "50th Biel Festival 2017"]
[Site "Biel"]
[Date "2017.07.27"]
[Round "4"]
[White "Harikrishna, P.."]
[Black "Studer, Noel"]
[Result "1-0"]
[WhiteElo "2737"]
[BlackElo "2493"]
[Annotator "TA"]
[PlyCount "47"]
[EventDate "2017.??.??"]
[EventType "tourn"]
[EventCountry "SUI"]
[SourceTitle "playchess.com"]
[Source "ChessBase"]
[SourceQuality "1"]

{[%evp 25,47,4,11,11,22,13,21,-1,29,25,112,89,71,99,99,91,256,345,433,418,959,959,1130,1130]} 1. e4 {[%cal Be2e4,Be4e5][%mdl 32]} e6 2. d4 d5 3. Nc3 Nf6 4. e5 Nfd7 5. f4 c5 6. Nf3 Nc6 7. Be3 a6 8. Qd2 b5 {[%cal Bb7b5,Bb5b4][%mdl 32]} 9. Nd1 {C11: French: Classical System: 4 e5 and 4 Bg5 dxe4} (9. dxc5 Bxc5 10. Bd3 Qb6 11. Bf2 h6 12. O-O O-O 13. Rae1 Ra7 14. f5 Bxf2+ 15. Rxf2 d4 16. Ne4 exf5 17. Ng3 f6 {½-½ (56) Yu,Y (2749)-Vitiugov,N (2720) Khanty-Mansiysk 2017}) 9... Qb6 10. c3 a5 11. Bd3 b4 12. O-O Ba6 13. Bxa6 Qxa6 {LiveBook: 4 Games} 14. f5 exf5 {[#]} 15. Bf4 $146 ({Predecessor:} 15. Ng5 cxd4 16. cxd4 h6 17. Nh3 Ne7 18. a3 bxa3 19. Rxa3 {1-0 (32) Nijboer,F (2583)-Van Eijk,S (2387) Groningen 2010}) 15... bxc3 16. Nxc3 Nb6 17. a4 Nd8 (17... cxd4 $11 {remains equal.} 18. Nb5 Bb4 19. Nd6+ Bxd6 20. exd6 O-O) 18. Nb5 $16 Ne6 19. Ng5 $36 {[%mdl 2048] aiming for Nxe6. Keeping Black busy.} Qc8 20. g4 {Nxe6 is the strong threat.} fxg4 $2 {[#]} (20... Nxg5 $16 {was necessary.} 21. Bxg5 h6) 21. Be3 $1 $18 Nxg5 22. Bxg5 Qd7 ({Weaker is} 22... h6 23. Bh4 $18) (22... g3 $142 23. Qf4 (23. hxg3 h6 $18) 23... Qb7) 23. Rae1 Nc8 24. Qf4 {Precision: White = 100%, Black = 17%.} 1-0

[Event "50th Biel Festival 2017"]
[Site "Biel"]
[Date "2017.07.27"]
[Round "4"]
[White "Navara, David"]
[Black "Leko, Peter"]
[Result "1-0"]
[WhiteElo "2737"]
[BlackElo "2678"]
[Annotator "TA"]
[PlyCount "77"]
[EventDate "2017.??.??"]
[EventType "tourn"]
[EventCountry "SUI"]
[SourceTitle "playchess.com"]
[Source "ChessBase"]
[SourceQuality "1"]

{[%evp 14,77,8,12,28,17,7,14,12,12,5,12,22,20,38,21,35,40,58,66,83,79,111,81,177,114,124,90,62,69,68,75,163,148,137,139,181,159,188,183,178,154,239,220,369,366,372,346,356,235,228,229,228,232,231,257,590,577,562,561,5310,5302,29991,29992,29992,29993]} 1. d4 Nf6 2. c4 e6 3. Nf3 d5 4. Nc3 Bb4 5. Bg5 h6 6. Bxf6 Qxf6 7. Qa4+ Nc6 8. e3 O-O {D38: Queen's Gambit Declined: Ragozin Defence (4 Nf3 Bb4)} 9. Rc1 (9. Rd1 Rd8 10. Qc2 Bf8 11. a3 g6 12. Be2 Bg7 13. O-O a5 14. Nb5 Qe7 15. Rc1 dxc4 16. Bxc4 {½-½ (35) Aronian,L (2793)-So,W (2812) Leuven 2017}) 9... Rd8 10. Be2 dxc4 {The position is equal.} 11. Bxc4 Bd7 12. Qc2 Bd6 $146 (12... Na5 $5 {[%cal Ra5c4]} 13. Be2 Nc6 $14) ({Predecessor:} 12... e5 13. dxe5 Nxe5 14. Nxe5 Qxe5 15. Bxf7+ Kh8 16. Bg6 {1-0 (50) Cmilyte,V (2524)-Hou,Y (2606) Beijing 2012}) 13. O-O a6 14. Rfd1 Qe7 15. a3 Rac8 16. Ba2 Nb8 17. e4 Bf4 18. Ra1 {[#] Threatens to win with g3.} Bc6 (18... c5 $16) 19. h4 (19. Re1 $18) 19... h5 $16 20. Ne2 Bh6 21. Ng3 g6 22. d5 exd5 (22... Bd7 $16 {keeps fighting.}) 23. exd5 $18 Be8 24. Re1 Qf8 25. Ng5 $36 {[%mdl 2048] Black is under strong pressure.} Kh8 26. Rad1 Nd7 27. Qb3 Nb6 (27... Nc5 $16 28. Qf3 Qg7) 28. Qf3 Kg8 (28... Bxg5 {was called for.} 29. hxg5 Ba4) 29. N3e4 Nd7 30. d6 Bg7 31. Nxf7 Bxf7 32. Qxf7+ Qxf7 33. Bxf7+ Kxf7 34. Ng5+ Kf6 $2 (34... Kg8 {is a better chance.}) 35. Re7 {[#] White wants to mate with Rf7+.} Ne5 36. Rd5 Kf5 {aiming for ...c6.} 37. Rxg7 {White threatens Rf7+ and mate.} (37. d7 Rb8 $18) 37... Rxd6 38. Rf7+ $1 Rf6 39. Re7 {Precision: White = 79%, Black = 35%.} 1-0

[Event "50th Biel Festival 2017"]
[Site "Biel"]
[Date "2017.07.27"]
[Round "4"]
[White "Bacrot, Etienne"]
[Black "Morozevich, Alexander"]
[Result "1-0"]
[WhiteElo "2715"]
[BlackElo "2675"]
[Annotator "TA"]
[PlyCount "79"]
[EventDate "2017.??.??"]
[EventType "tourn"]
[EventCountry "SUI"]
[SourceTitle "playchess.com"]
[Source "ChessBase"]
[SourceQuality "1"]

{[%evp 24,79,17,19,38,29,43,34,68,79,73,80,85,72,70,70,70,70,70,70,70,66,80,69,84,89,116,123,115,90,237,237,236,236,237,227,562,691,677,559,672,671,635,551,783,671,621,621,606,594,811,796,1498,1483,1925,1888,29994,29995]} 1. e4 c5 2. Nf3 d6 3. Bb5+ Bd7 4. Bxd7+ Qxd7 5. c4 Nc6 6. Nc3 g6 7. d4 cxd4 8. Nxd4 Bg7 9. Be3 Nf6 10. f3 O-O 11. O-O a6 12. Qd3 {B52: Sicilian: Moscow Variation with 3...Bd7} (12. a4 e6 13. Rc1 Ne5 14. b3 d5 15. cxd5 exd5 16. exd5 Nxd5 17. Nxd5 Qxd5 18. Nf5 Nxf3+ 19. Rxf3 Qxd1+ 20. Rxd1 gxf5 {½-½ (30) Sandipan,C (2573)-Sjugirov,S (2673) Moscow 2017}) 12... Ne5 13. Qe2 {LiveBook: 3 Games} e6 14. Rac1 {White is slightly better.} Rfc8 $146 ({Predecessor:} 14... Qc7 15. b3 Rac8 16. Rfd1 Nfd7 17. Kh1 Rfd8 18. h3 Qa5 19. Qd2 Nc5 {½-½ (28) Banet,J (2474)-Boccia,M (2465) ICCF email 2011}) 15. b3 d5 {[%cal Rd5c4]} 16. f4 $1 {[%cal Rf4e5]} Neg4 17. e5 Nxe3 18. Qxe3 Ng4 19. Qe2 dxc4 20. Rfd1 h5 21. h3 {[%cal Bh2h3,Bh3g4,Bg4g5,Bg5f6][%mdl 32]} Nh6 22. bxc4 Qc7 23. Ne4 $36 {[%mdl 2048] White has some pressure.} Rd8 24. g4 hxg4 25. hxg4 Rd7 26. c5 Rd5 {[#]} (26... Qd8 $16) 27. g5 $1 $18 {[%cal Rg5h6]} Nf5 28. Nxf5 Rxd1+ 29. Qxd1 gxf5 $2 {[#]} (29... exf5 {is more resistant.} 30. Nd6 Rd8) 30. Nf6+ $1 Bxf6 31. gxf6 {[%mdl 4096] Endgame KQR-KQR} Qd8 32. Qd6 Rc8 33. Rc2 Kh7 34. Rh2+ Kg6 {intending ...Qa5.} 35. Rg2+ Kh6 36. Kh2 Kh5 37. Rg7 Kh4 38. Kg2 a5 39. Kf3 {[%cal Rg7h7]} Qh8 40. Qd2 {Precision: White = 98%, Black = 36%.} 1-0

[Event "50th Biel Festival 2017"]
[Site "Biel"]
[Date "2017.07.27"]
[Round "4"]
[White "Ponomariov, Ruslan"]
[Black "Hou, Yifan"]
[Result "1/2-1/2"]
[WhiteElo "2699"]
[BlackElo "2666"]
[Annotator "TA"]
[PlyCount "98"]
[EventDate "2017.??.??"]
[EventType "tourn"]
[EventCountry "SUI"]
[SourceTitle "playchess.com"]
[Source "ChessBase"]
[SourceQuality "1"]

{[%evp 9,98,-14,-13,-20,20,15,3,20,14,-61,-57,-55,-49,-69,-42,-57,-53,-45,-52,-62,-60,-59,-56,-88,-98,-72,-73,-87,-79,-83,-90,-102,-99,-114,-107,-136,-20,-18,-34,-74,-79,-129,0,0,0,0,0,0,0,0,0,-29,-29,-29,-29,-29,-29,-29,-29,-29,-29,-29,-29,-30,-30,-30,-30,-30,-37,-44,-44,-46,0,-47,-47,-58,-63,-64,-64,-69,0,0,0,0,0,0,0,0,0,0,0]} 1. e4 e5 2. Bc4 Nf6 3. d3 Nc6 4. Nc3 Bc5 5. f4 O-O {Hoping for ...d5!} 6. Nf3 {C28: Vienna Game: 2...Nf6 3 Bc4 Nc6} exf4 (6... Ng4 $5 {[%cal Rg4f2]} 7. Qe2 d6 $11) 7. Bxf4 d6 8. Qd2 (8. Bg5 h6 9. Bh4 Be6 10. Bb3 Nd4 11. Rf1 Nxf3+ 12. Qxf3 Bd4 13. Ne2 Bxb2 14. Rb1 Ba3 15. Nf4 {1-0 (69) Kasparov,G (2812)-Caruana,F (2795) Saint Louis 2016}) 8... Be6 9. Bg5 (9. Bxe6 $11 fxe6 10. O-O-O) 9... Bxc4 $146 ({Predecessor:} 9... a6 10. O-O-O Rb8 11. Bd5 Bb4 12. Rdf1 Ne7 13. Bxf6 gxf6 14. Nd4 Bxd5 15. exd5 Nxd5 16. Qh6 Ne7 17. Nd5 Nxd5 18. Nf5 {1-0 (18) Have,D (1971)-Dube,D (1701) Montreal 2015}) 10. dxc4 Bb4 11. Qf4 Bxc3+ 12. bxc3 Qe7 13. Bxf6 Qxf6 14. Qxf6 gxf6 15. O-O Rae8 16. Nd2 Kg7 17. Rf4 Re5 18. Rb1 b6 19. Rb5 Rfe8 20. Kf2 h5 21. Rh4 Kg6 22. Nf3 Rxb5 (22... Rxe4 $17 {White must now prevent ...Re2+.} 23. Rbxh5 Re2+ 24. Kf1 Rxc2) 23. cxb5 $17 {[%mdl 4096] Endgame KRN-KRN} Ne5 24. Ke3 {[#]} Nxf3 $1 25. gxf3 {[#] KR-KR} Kg5 ({Black should play} 25... Re5 $1 $17 26. c4 Rc5) 26. Rf4 $11 Re5 27. c4 Rc5 28. h4+ Kg6 29. Kd4 Re5 30. Rf5 Rxf5 31. exf5+ Kxf5 {KP-KP} 32. Ke3 $1 Ke5 33. f4+ Kf5 {aiming for ...Kg4.} 34. Kf3 Ke6 35. Ke4 f5+ 36. Kd4 Ke7 37. Kc3 Kd7 38. Kd3 Kc8 39. Kd4 Kd8 40. Kc3 Kd7 (40... c6 $5) 41. Kd3 c6 42. a4 Kc7 43. Kd4 {[#]} a6 $1 {[%mdl 512]} 44. Kc3 (44. bxa6 Kb8) 44... cxb5 (44... Kb8 $15) 45. cxb5 {The position is equal.} axb5 46. axb5 d5 47. Kd4 Kd6 48. c3 Ke6 (48... f6 $5) 49. Ke3 Kd6 {Precision: White = 63%, Black = 67%.} 1/2-1/2